| 000 | 01079nam a22002297a 4500 | ||
|---|---|---|---|
| 005 | 20210325191704.0 | ||
| 008 | s2540 th tha d | ||
| 041 | _atha | ||
| 090 | _aว HD62.7 ท133ก 2540 | ||
| 100 | 0 | _aทรงชัย ใสเศวตวารี | |
| 245 | 1 | 0 | _aการส่งเสริมการส่งออกสำหรับธุรกิจขนาดเล็กและขนาดกลาง |
| 260 | 3 |
_aกรุงเทพฯ : _bสถาบันพระปกเกล้า, _c2540 |
|
| 300 |
_a61 หน้า : _b 30 ซม. |
||
| 650 | 0 | 4 | _aการส่งเสริมการค้ากับต่างประเทศ -- วิจัย |
| 650 | 0 | 4 | _aธุรกิจขนาดย่อม -- วิจัย |
| 650 | 0 | 4 | _aธุรกิจขนาดย่อม -- ไทย -- วิจัย |
| 850 | _aNALT | ||
| 942 | _cRSH | ||
| 997 |
_aบ 7549 ฉ.1/ บ 7550 ฉ.2 _kVC |
||
| 997 | _c000000000029243 | ||
| 998 | _aนางสาวสายฝน ดีงาม | ||
| 999 |
_c29243 _d29243 |
||